Szczegóły MARC21

Dziennik. T. 3, 1 stycznia 1953 - 30 maja 1956 /

003 -Nazwa inst., której nr kontr. jest w polu 001 [,]
    • @
    • Nazwa instytucji, której n kontrolny jest w polu 001
    • NUKAT
005 -DATA I CZAS OSTATNIEJ MODYFIKACJI [,]
    • @
    • pole kontrolne
    • 20260429185938.0
020 -Międzynarod. znormalizowany nr książki - ISBN [ , ]
    • a
    • Numer ISBN
    • 8306022033 Find
040 -Instytucja sporządzająca opis [ , ]
    • a
    • Instytucja, która sporządziła opis (NP)
    • WR U/kc
    • c
    • Instytucja, która sporządziła rekord (NP)
    • WR U/kc
    • d
    • Instytucja, która zmodyfikowała rekord (P)
    • WR U/dl
    • d
    • Instytucja, która zmodyfikowała rekord (P)
    • KR 93/MSs
942 -Rodzaj dokumentu [ , ]
    • c
    • Rodzaj dokumentu
    • Książka
100 -Hasło główne - nazwa osobowa [1, ]
    • a
    • Nazwa osobowa (NP)
    • Lechoń, Jan
    • d
    • Daty biograficzne (NP)
    • (1899-1956).
    • 9
    • KHW
    • 242202
245 -Strefa tytułu i oznaczenia odpowiedzialności [1,0]
    • a
    • Tytuł
    • Dziennik. Find
    • n
    • Oznaczenie części (P)
    • T. 3,
    • p
    • Nazwa części (P)
    • 1 stycznia 1953 - 30 maja 1956 /
    • c
    • Pozostałe elementy strefy tytułu i oznaczenia odpowiedzialności (NP)
    • Jan Lechoń ; [wstęp i konsultacja edytorska Roman Loth].
250 -Strefa wydania [ , ]
    • a
    • Oznaczenie wydania (NP)
    • Wyd. 1 krajowe.
260 -Strefa adresu wydawniczego [ , ]
    • a
    • Miejsce wydania (P)
    • Warszawa :
    • b
    • Nazwa wydawcy (P)
    • Państ. Instytut Wydawniczy,
    • c
    • Data wydania (P)
    • 1993.
300 -Strefa opisu fizycznego [ , ]
    • a
    • Określenie formy książki i/lub objętość (NP)
    • 969, [2] s. ;
    • c
    • Format (NP)
    • 21 cm.
336 -Typ zawartości [ , ]
    • a
    • Termin opisujący typ zawartości
    • Tekst
    • b
    • Kod określający zawartość
    • txt
    • 2
    • Źródło (terminu i kodu)
    • rdacontent
337 -Typ mediów [ , ]
    • a
    • Tryb odtwarzania
    • Bez urządzenia pośredniczącego
    • b
    • Kod typu mediów
    • n
    • 2
    • Źródło (terminu i kodu)
    • rdamedia
338 -Typ/rodzaj nośnika [ , ]
    • a
    • Hasło opisujące typ nośnika
    • Wolumin
    • b
    • Kod typu nośnika
    • nc
    • 2
    • Źródło (terminu i kodu)
    • rdacarrier
380 -Deskryptor - Forma dzieła (P) [ , ]
    • a
    • forma dzieła (NP)
    • Książki
500 -Uwaga ogólna [ , ]
    • a
    • Uwaga ogólna (NP)
    • Tekst na podstawie wydania: Jan Lechoń, Dziennik, t. 3, nakładem Polskiej Fundacji Kulturalnej, Londyn 1973.
504 -Uwaga dot. bibliogr. załącznikowej [ , ]
    • a
    • Uwaga dot. bibliografii załącznikowej
    • Indeksy.
600 -Hasło przedmiotowe w formie nazwy osobowej [1,7]
    • a
    • Nazwa osobowa
    • Lechoń, Jan
    • d
    • Daty związane z nazwą
    • (1899-1956)
    • v
    • Określnik formalny
    • dzienniki intymne.
    • 2
    • Źródło terminu
    • kaba
    • 9
    • KHW
    • 496262
648 -Hasło przedmiotowe - chronologia [ ,7]
    • a
    • Deskryptor chronologiczny
    • 1901-2000
    • 2
    • Źródło terminu
    • DBN
    • 9
    • KHW
    • 721448
648 -Hasło przedmiotowe - chronologia [ ,7]
    • a
    • Deskryptor chronologiczny
    • 1945-1989
    • 2
    • Źródło terminu
    • DBN
    • 9
    • KHW
    • 721450
648 -Hasło przedmiotowe - chronologia [ ,7]
    • a
    • Deskryptor chronologiczny
    • 1989-2000
    • 2
    • Źródło terminu
    • DBN
    • 9
    • KHW
    • 721451
648 -Hasło przedmiotowe - chronologia [ ,7]
    • a
    • Deskryptor chronologiczny
    • 2001-
    • 2
    • Źródło terminu
    • DBN
    • 9
    • KHW
    • 721449
650 -Hasło przedmiotowe [ ,7]
    • a
    • Hasło przedmiotowe
    • Pisarze polscy
    • 2
    • Źródło terminu
    • DBN
    • 9
    • KHW
    • 721598
650 -Hasło przedmiotowe [ ,7]
    • a
    • Hasło przedmiotowe
    • Polacy za granicą
    • 2
    • Źródło terminu
    • DBN
    • 9
    • KHW
    • 724687
651 -Hasło przedmiotowe w formie nazwy geograficznej [ ,7]
    • a
    • Nazwa geograficzna
    • Stany Zjednoczone (USA)
    • 2
    • Źródło terminu
    • DBN
    • 9
    • KHW
    • 721489
655 -Hasło w funkcji tematu formalnego [ ,7]
    • a
    • Hasło
    • Dzienniki intymne polskie
    • y
    • Określnik chronologiczny
    • 1945-1970.
    • 2
    • Źródło terminu
    • kaba
    • 9
    • KHW
    • 550035
658 -Ujęcie treści [ , ]
    • a
    • dziedzina nauki i sztuki/ sfera aktywności życiowej
    • Literaturoznawstwo
700 -Hasło dodatkowe - nazwa osobowa [1, ]
    • a
    • Nazwa osobowa (NP)
    • Loth, Roman Find
    • d
    • Daty biograficzne (NP)
    • (1931-2019).
    • e
    • Określenie rodzaju współpracy
    • Wstęp
    • 9
    • KHW
    • 9180
710 -Hasło dodatkowe - nazwa ciała zbiorowego [2, ]
    • a
    • Nazwa ciała zbiorowego lub nazwa geograficzna jako pierwszy element (NP)
    • Państwowy Instytut Wydawniczy.
    • 4
    • Kod relacji
    • pbl
    • 9
    • KHW
    • 51410
920 -ISBN [ , ]
    • a
    • ISBN
    • 83-06-02203-3 Find
Data inwentaryzacji Lokalizacja Sygnatura Numer inwentarzowy Status udost.
2002-11-19BG JK.1991
2002-11-19BGW.180445W.180638-3
2002-11-19BG W.181761-3
2002-11-19BGZ.83693Z.838011
2002-11-19BM P.113391